[Event "Tournoi Skype 029B"]
[Site "Skype"]
[Date "????.??.??"]
[Round "7.65"]
[White "Marroquin Mayhua, Silvia"]
[Black "Swanepoel, Karel"]
[Result "0-1"]
[WhiteElo "1000"]
[BlackElo "1088"]
[PlyCount "48"]

1. e4 c5 2. d3 Nc6 3. Nf3 d6 4. Nc3 Nf6 5. g3 e6 6. Bg2 Be7 7. O-O O-O 8. Be3
a6 9. a3 Bd7 10. Bf4 Nh5 11. Be3 f5 12. Bg5 Bxg5 13. Nxg5 Qxg5 14. Re1 f4 15.
Ne2 f3 16. Nf4 fxg2 17. Qd2 e5 18. Qc3 exf4 19. Qc4+ Kh8 20. b4 Ne5 21. Qd5
Nf3+ 22. Kxg2 Nxe1+ 23. Rxe1 f3+ 24. Kf1 Bh3+ 0-1

[Event "Tournoi Skype 029B"]
[Site "Skype"]
[Date "????.??.??"]
[Round "7.66"]
[White "Cunha Pires, Odsel Jorge Geronimo"]
[Black "Achicanoy, Yolanda"]
[Result "1/2-1/2"]
[WhiteElo "1000"]
[BlackElo "1000"]
[PlyCount "76"]

1. e4 e5 2. Nf3 Nc6 3. d4 d6 4. dxe5 dxe5 5. Qxd8+ Kxd8 6. Bb5 Nb4 7. Bg5+ Be7
8. O-O Bxg5 9. Nxg5 Nxc2 10. Nxf7+ Ke7 11. Nxh8 c6 12. Ng6+ hxg6 13. Bc4 Nf6
14. Nc3 b5 15. Rac1 Nd4 16. Bd3 Rb8 17. Rcd1 b4 18. Na4 Be6 19. b3 g5 20. Bc4
Nc2 21. Nc5 Bxc4 22. bxc4 g4 23. Rd7+ Ke8 24. Rd6 Ng8 25. Na6 Rc8 26. Rfd1 g5
27. Nc7+ Rxc7 28. Rd8+ Kf7 29. R1d2 Na3 30. g3 Nf6 31. c5 Nxe4 32. Rd1 Nxc5 33.
Rh8 Kg7 34. Rdd8 e4 35. Rhg8+ Kf6 36. Rgf8+ Kg7 37. Rde8 Nd7 38. Rg8+ Kf7
1/2-1/2

[Event "Tournoi Skype 029B"]
[Site "Skype"]
[Date "????.??.??"]
[Round "7.67"]
[White "Barajas, Nestor"]
[Black "Mantelli Filho, Artur"]
[Result "1-0"]
[WhiteElo "1000"]
[BlackElo "1000"]
[PlyCount "49"]

1. e4 e5 2. Nf3 Nc6 3. Bc4 Bc5 4. c3 Nf6 5. d4 Bb6 6. Bg5 h6 7. Bxf6 Qxf6 8.
O-O O-O 9. Nbd2 d6 10. Nb3 Ne7 11. Rc1 Ng6 12. g3 Bg4 13. Nbd2 Rae8 14. Re1 a5
15. Qa4 c6 16. d5 Qxf3 17. Nxf3 Bxf3 18. dxc6 Bxe4 19. Rxe4 bxc6 20. Qxc6 d5
21. Bxd5 Kh7 22. Qxb6 f5 23. Rd1 fxe4 24. Bxe4 Rb8 25. Qxg6+ 1-0

[Event "Tournoi Skype 029B"]
[Site "Skype"]
[Date "????.??.??"]
[Round "7.68"]
[White "Mendoza Oporta, Esmerling Antonio"]
[Black "Maccaferri, Massimo"]
[Result "0-1"]
[WhiteElo "1000"]
[BlackElo "1074"]
[PlyCount "116"]

1. e4 e5 2. Nf3 Nc6 3. Bc4 Nd4 4. d3 Qf6 5. Nbd2 Qg6 6. O-O d5 7. exd5 Bh3 8.
Nh4 Qg5 9. f4 exf4 10. c3 Nf5 11. Qe2+ Be7 12. Qe5 O-O-O 13. Rxf4 Bd6 14. Qe4
Bxf4 15. Ndf3 Bxh2+ 16. Nxh2 Qg4 17. Qxg4 Bxg4 18. Nxg4 Nxh4 19. Bg5 Re8 20.
Bxh4 f5 21. Nf2 Nf6 22. Bg3 Re2 23. d4 Rhe8 24. Bxe2 Rxe2 25. b4 Rc2 26. Nd1
Nxd5 27. a4 g5 28. Nf2 Rxc3 29. Re1 Rxg3 30. b5 f4 31. Ne4 Rg4 32. a5 f3 33. a6
Rxg2+ 34. Kh1 Nf4 35. axb7+ Kxb7 36. Nc5+ Kb6 37. Nd7+ Kxb5 38. Rb1+ Kc6 39.
Ne5+ Kd5 40. Nxf3 g4 41. Nh4 Rf2 42. Nf5 Ke4 43. Kg1 Kf3 44. Rb3+ Ke4 45. Kxf2
Kxf5 46. Rb5+ Ke4 47. d5 a6 48. Rb4+ Ke5 49. Kg3 h5 50. Rxf4 Kxd5 51. Rf5+ Kc4
52. Rxh5 Kb4 53. Kxg4 a5 54. Rh1 c5 55. Kf3 a4 56. Rb1+ Kc3 57. Ke2 a3 58. Kd1
a2 0-1

[Event "Tournoi Skype 029B"]
[Site "Skype"]
[Date "????.??.??"]
[Round "7.69"]
[White "Talarico, Izabel"]
[Black "Batista, Andre Luis"]
[Result "1/2-1/2"]
[WhiteElo "1000"]
[BlackElo "1000"]
[PlyCount "151"]

1. e4 e5 2. Nf3 Nc6 3. d3 Nf6 4. g3 Bc5 5. d4 exd4 6. Bc4 O-O 7. O-O Nxe4 8. b4
Ne7 9. bxc5 d5 10. Bb5 c6 11. Ba4 Nxc5 12. Nc3 dxc3 13. Qd4 b6 14. Qxc3 Nxa4
15. Qe5 Nc5 16. Bg5 Nd7 17. Qf4 Nc5 18. Kg2 Ne6 19. Qg4 Nxg5 20. Qxg5 f6 21.
Qf4 Ng6 22. Qd4 c5 23. Qd2 Bg4 24. Ng1 d4 25. Rae1 Qd5+ 26. f3 Bh5 27. g4 Nf4+
28. Qxf4 Bg6 29. Re7 Bd3 30. cxd3 c4 31. g5 cxd3 32. gxf6 Qxa2+ 33. Kg3 Rad8
34. f7+ Kh8 35. Nh3 Qa3 36. Rxa7 Qxa7 37. Re1 Rxf7 38. Qe5 Re7 39. Qh5 Rxe1 40.
Ng5 Kg8 41. Qxh7+ Kf8 42. Qh8+ Ke7 43. Qxg7+ Kd6 44. Qxa7 Kc5 45. Ne6+ Rxe6 46.
Qa3+ Kb5 47. Qb2+ Kc5 48. Qc1+ Kb5 49. Qb1+ Ka6 50. Qxd3+ Kb7 51. h4 Rg8+ 52.
Kf2 Rh8 53. Qa3 Rxh4 54. Kg3 Rhh6 55. Qd3 Rd6 56. Qe4+ Ka6 57. Qe5 Rde6 58.
Qxd4 Reg6+ 59. Kf2 Rh2+ 60. Ke3 Re6+ 61. Qe4 Rxe4+ 62. Kxe4 b5 63. f4 Rh4 64.
Ke5 Rh5+ 65. f5 Rh8 66. Kd4 Ka5 67. Kc5 Rf8 68. Kd4 Rxf5 69. Ke4 b4 70. Kxf5 b3
71. Ke4 b2 72. Kf3 b1=Q 73. Ke3 Kb4 74. Kd4 Qd1+ 75. Ke4 Kb5 76. Ke5 1/2-1/2

[Event "Tournoi Skype 029B"]
[Site "Skype"]
[Date "????.??.??"]
[Round "7.71"]
[White "Da Silva, Jussara Maria"]
[Black "Cassano, Mariangela"]
[Result "1-0"]
[WhiteElo "1000"]
[BlackElo "1000"]
[PlyCount "42"]

1. e4 e5 2. Nf3 Bc5 3. Bc4 d6 4. d3 Nd7 5. Bg5 Ngf6 6. O-O O-O 7. Nh4 h6 8.
Bxh6 gxh6 9. Qf3 Kh7 10. Qf5+ Kh8 11. Qh3 Rg8 12. Nf5 Nh7 13. Qxh6 Rg5 14. Qh3
Ndf6 15. Nh6 Bxh3 16. Nxf7+ Kg8 17. Nxg5+ Kg7 18. Nxh3 Ng4 19. c3 Ne3 20. fxe3
Bxe3+ 21. Kh1 Qf6 1-0

[Event "Tournoi Skype 029B"]
[Site "Skype"]
[Date "????.??.??"]
[Round "8.1"]
[White "Fernandez Arrizabala, Raul"]
[Black "Lovisi, Francesco"]
[Result "1/2-1/2"]
[WhiteElo "1000"]
[BlackElo "1000"]
[PlyCount "42"]

1. e4 c5 2. Nf3 e6 3. c3 d5 4. Bd3 Nc6 5. Bc2 dxe4 6. Bxe4 Nf6 7. Bxc6+ bxc6 8.
d3 h6 9. O-O Bd6 10. Nbd2 O-O 11. Nc4 Bc7 12. Nce5 Qd5 13. c4 Qd6 14. Bf4 Nh5
15. Be3 Rd8 16. Qa4 Bb7 17. Rfd1 f6 18. Ng4 Nf4 19. Bxf4 Qxf4 20. Ne3 g5 21.
Nf1 h5 1/2-1/2

[Event "Tournoi Skype 029B"]
[Site "Skype"]
[Date "????.??.??"]
[Round "8.2"]
[White "Battaglia, Gabriele"]
[Black "Escudero Ocana, Francisco"]
[Result "1-0"]
[WhiteElo "1271"]
[BlackElo "1395"]
[PlyCount "63"]

1. Nf3 c6 2. g3 d5 3. Bg2 Nf6 4. O-O Bf5 5. d3 Na6 6. Nbd2 Nc5 7. b4 Ncd7 8.
Bb2 Qc7 9. c4 e5 10. a3 Be7 11. cxd5 cxd5 12. Rc1 Qd6 13. Rc3 d4 14. Rc2 Rd8
15. Qc1 Nb6 16. Rc7 Rc8 17. Rxc8+ Nxc8 18. Nh4 Qd7 19. Nxf5 Qxf5 20. Bxb7 Nd6
21. Bc6+ Nd7 22. Nc4 O-O 23. Nxd6 Bxd6 24. Bg2 Qg6 25. Qc6 Rd8 26. Rc1 f5 27.
Qb7 Bb8 28. Rc8 Qe8 29. Rxd8 Qxd8 30. Bd5+ Kf8 31. Be6 Bd6 32. Bxd7 1-0

[Event "Tournoi Skype 029B"]
[Site "Skype"]
[Date "????.??.??"]
[Round "8.3"]
[White "Martinez Perez, Carlos"]
[Black "Felippe E Silva, Glenda"]
[Result "1-0"]
[WhiteElo "1404"]
[BlackElo "1207"]
[PlyCount "75"]

1. e4 c6 2. d4 d5 3. exd5 cxd5 4. Bd3 Nf6 5. Bf4 e6 6. Nf3 Bd6 7. Ne5 Nc6 8. c3
O-O 9. Nd2 Bc7 10. Ndf3 Nxe5 11. Nxe5 Nd7 12. Qh5 g6 13. Qh6 Nf6 14. Bg5 Qe7
15. h3 Bd8 16. h4 Qc7 17. f3 a5 18. Ng4 Nxg4 19. fxg4 Bxg5 20. Qxg5 Qg3+ 21.
Kd2 Qxg2+ 22. Be2 b6 23. Qf6 Ba6 24. Rhe1 Bxe2 25. Rxe2 Qxg4 26. Rf1 Rac8 27.
Rff2 b5 28. Rf4 Qh5 29. Ref2 Rc7 30. Rg2 b4 31. Rg5 Qh6 32. h5 Qg7 33. hxg6
Qxf6 34. gxh7+ Kh8 35. Rxf6 bxc3+ 36. bxc3 Kxh7 37. Rf3 Kh6 38. Rg1 1-0

[Event "Tournoi Skype 029B"]
[Site "Skype"]
[Date "????.??.??"]
[Round "8.4"]
[White "Harmelle, Dominique"]
[Black "De Coninck, Philippe"]
[Result "1-0"]
[WhiteElo "1402"]
[BlackElo "1173"]
[PlyCount "49"]

1. d4 d5 2. c4 e6 3. Nc3 Nf6 4. Nf3 Nbd7 5. Bg5 Bb4 6. a3 Bxc3+ 7. bxc3 h6 8.
Bh4 c6 9. e3 Qa5 10. Qb3 Ne4 11. Rc1 O-O 12. Be7 Re8 13. Bb4 Qc7 14. a4 a5 15.
Ba3 c5 16. Be2 cxd4 17. cxd4 Qb6 18. Qc2 dxc4 19. Bxc4 Qc6 20. O-O Nb6 21. Ne5
Qxa4 22. Qd3 Nd6 23. Bxd6 Nxc4 24. Nxc4 b5 25. Nb6 1-0

[Event "Tournoi Skype 029B"]
[Site "Skype"]
[Date "????.??.??"]
[Round "8.5"]
[White "Khatanhar, Mohit"]
[Black "Munoz Gonzalez, Martin"]
[Result "0-1"]
[WhiteElo "1218"]
[BlackElo "1400"]
[PlyCount "38"]

1. e4 Nf6 2. Nc3 d5 3. exd5 Nxd5 4. Ne4 Bf5 5. Ng3 Bg6 6. Bb5+ c6 7. Bc4 e6 8.
Nf3 Nd7 9. O-O Bd6 10. d4 h6 11. Bxd5 cxd5 12. c3 O-O 13. Re1 Bxg3 14. fxg3 Nf6
15. Bf4 Qb6 16. Ne5 Qxb2 17. Qf3 Be4 18. Nd3 Qxc3 19. Rad1 Bxf3 0-1

[Event "Tournoi Skype 029B"]
[Site "Skype"]
[Date "????.??.??"]
[Round "8.6"]
[White "Yepez, German"]
[Black "Loaisiga Perez, Carlos Alberto"]
[Result "0-1"]
[WhiteElo "1191"]
[BlackElo "1374"]
[PlyCount "74"]

1. d4 Nf6 2. Nf3 g6 3. Nc3 d5 4. a3 Bg7 5. e3 O-O 6. Be2 c6 7. O-O Nbd7 8. b4
b5 9. Bb2 a5 10. bxa5 Rxa5 11. Qd2 Ba6 12. Ne1 c5 13. dxc5 Nxc5 14. Nd3 Nfe4
15. Qe1 Nxd3 16. cxd3 Nc5 17. d4 Nd7 18. Qd2 e5 19. Nxd5 exd4 20. Bxd4 Bxd4 21.
Qxd4 Re8 22. Qb4 Re5 23. Rfd1 Ra4 24. Qd2 Qa8 25. Nc3 Rg5 26. Bf3 Qxf3 27. g3
Bb7 28. Nd5 Bxd5 29. Qxd5 Rxd5 30. Rdb1 Rd2 31. Rf1 b4 32. Rae1 Rxa3 33. e4 Ne5
34. h3 Nc4 35. e5 Ne3 36. Rxe3 Rxe3 37. fxe3 Qg2# 0-1

[Event "Tournoi Skype 029B"]
[Site "Skype"]
[Date "????.??.??"]
[Round "8.7"]
[White "Graham, Neil"]
[Black "Amato, Ludovica"]
[Result "1-0"]
[WhiteElo "1000"]
[BlackElo "1346"]
[PlyCount "51"]

1. e4 e5 2. Nf3 Nf6 3. Nxe5 d6 4. Nf3 Nxe4 5. Nc3 Nf6 6. d4 d5 7. Be2 Nc6 8.
O-O Be7 9. Bf4 O-O 10. Nb5 Ne8 11. c4 dxc4 12. Bxc4 a6 13. Nc3 Bg4 14. d5 Na5
15. Bd3 Nf6 16. Be4 Nc4 17. Qc2 Nxe4 18. Qxe4 Nd6 19. Bxd6 Bxf3 20. Bxe7 Bxe4
21. Bxd8 Raxd8 22. Nxe4 Rxd5 23. Rac1 Re5 24. f3 c6 25. Rcd1 Rb5 26. Rf2 1-0

[Event "Tournoi Skype 029B"]
[Site "Skype"]
[Date "????.??.??"]
[Round "8.8"]
[White "Lopes, Marcia Maria"]
[Black "Abate, Luigi"]
[Result "1-0"]
[WhiteElo "1363"]
[BlackElo "1169"]
[PlyCount "65"]

1. e4 c5 2. Nc3 e5 3. Bc4 Ne7 4. d3 g6 5. f4 d6 6. Nf3 Bg7 7. O-O b6 8. Qe1 O-O
9. Qh4 Bb7 10. fxe5 d5 11. exd5 Bxd5 12. Bh6 Bxc4 13. dxc4 Qc7 14. Bxg7 Nf5 15.
Qh3 Kxg7 16. Nd5 Qd8 17. Nf6 h6 18. Ng5 Nc6 19. Rad1 Qe7 20. Nfh7 Rh8 21. Rxf5
gxf5 22. Qxf5 hxg5 23. Nxg5 Rh5 24. Ne6+ Kh6 25. Qf4+ Kh7 26. Qe4+ Kh6 27. Qxc6
Rc8 28. Qxc8 fxe6 29. Qh8+ Kg6 30. Qg8+ Kh6 31. Qh8+ Kg5 32. Qg8+ Kh4 33. Qg3#
1-0

[Event "Tournoi Skype 029B"]
[Site "Skype"]
[Date "????.??.??"]
[Round "8.9"]
[White "Rivalta, Paolo"]
[Black "Lago Carballo, Maria Del Carmen"]
[Result "1-0"]
[WhiteElo "1142"]
[BlackElo "1328"]
[PlyCount "69"]

1. d4 d5 2. Bf4 Nf6 3. Nf3 Bf5 4. e3 e6 5. c4 c6 6. cxd5 Nxd5 7. Bg5 Be7 8.
Bxe7 Qxe7 9. a3 Nd7 10. Nc3 N7f6 11. Bc4 Nxc3 12. bxc3 Ne4 13. Qb3 Nd6 14. O-O
Be4 15. Nd2 h5 16. Nxe4 Nxe4 17. Rad1 Rd8 18. Bd3 Nf6 19. c4 h4 20. h3 g5 21.
f3 Nh5 22. c5 Ng3 23. Rfe1 Kf8 24. e4 Rxd4 25. Qc3 e5 26. Bc4 Rxd1 27. Rxd1
Qxc5+ 28. Kh2 b5 29. Qd2 Qd4 30. Qb4+ Kg7 31. Rxd4 exd4 32. Bd3 Rh6 33. Qxd4+
Kg6 34. e5+ Kh5 35. Qg4# 1-0

[Event "Tournoi Skype 029B"]
[Site "Skype"]
[Date "????.??.??"]
[Round "8.10"]
[White "Cengiz, Ali Ekber"]
[Black "Nicolini, Francesco"]
[Result "1/2-1/2"]
[WhiteElo "1299"]
[BlackElo "1000"]
[PlyCount "76"]

1. e4 e5 2. Nf3 Nc6 3. Bc4 Nf6 4. Nc3 h6 5. a3 d6 6. h3 Be7 7. d3 Na5 8. Ba2 c5
9. O-O b6 10. Ne2 Bb7 11. c4 Nc6 12. Bd2 g6 13. b4 Qc7 14. Qc1 g5 15. Nh2 O-O-O
16. f3 Kb8 17. Qd1 Nh7 18. Ng3 Nd4 19. Nh5 Rdf8 20. Be3 f5 21. exf5 Nxf5 22.
Bf2 Bd8 23. bxc5 bxc5 24. Rb1 Qf7 25. g4 Ng7 26. Ng3 Ka8 27. Qb3 Nf6 28. a4 Ba5
29. Qd1 h5 30. Be1 h4 31. Ne2 Qc7 32. Bd2 Ne6 33. Rb5 Bxd2 34. Qxd2 Rf7 35. Qe1
Rhf8 36. a5 Ne8 37. Nc3 Nf4 38. Nd5 Bxd5 1/2-1/2

[Event "Tournoi Skype 029B"]
[Site "Skype"]
[Date "????.??.??"]
[Round "8.11"]
[White "Fernandez Zaldivar, Antonio"]
[Black "Prieto, Jairo Ovidio"]
[Result "1-0"]
[WhiteElo "1246"]
[BlackElo "1000"]
[PlyCount "125"]

1. e4 e5 2. Nf3 Nc6 3. Bb5 a6 4. Ba4 Nf6 5. O-O b5 6. Bb3 h6 7. c3 Be7 8. Re1
O-O 9. d4 d6 10. d5 Na5 11. Bc2 Bb7 12. a4 c6 13. b4 Nc4 14. dxc6 Bxc6 15. Nbd2
Nxd2 16. Nxd2 Qd7 17. c4 bxc4 18. Nxc4 Rfb8 19. Ba3 Qe6 20. Bb3 Ra7 21. Nb6 Qg4
22. Qxg4 Nxg4 23. a5 Bh4 24. g3 Bd8 25. Nd5 Rd7 26. Rac1 Bb5 27. Bc4 Bxc4 28.
Rxc4 Nf6 29. Rc6 Nxd5 30. exd5 Rb5 31. Rd1 Kf8 32. Rxa6 Ke7 33. Rc6 Rc7 34.
Rdc1 Kd7 35. Rxc7+ Bxc7 36. Rd1 g5 37. f3 Bb8 38. Kf1 Ba7 39. Ke2 Bd4 40. f4 f6
41. fxg5 hxg5 42. h4 gxh4 43. gxh4 Rxd5 44. h5 Rb5 45. h6 Rb8 46. h7 Rh8 47.
Rh1 d5 48. b5 e4 49. b6 Kc6 50. Rh6 Kb7 51. Be7 f5 52. Bd6 Bc3 53. Rh5 Bxa5 54.
Be5 Re8 55. h8=Q Rxh8 56. Bxh8 Bxb6 57. Rxf5 d4 58. Rf4 d3+ 59. Kd2 Ba5+ 60.
Bc3 e3+ 61. Kxd3 e2 62. Re4 e1=Q 63. Rxe1 1-0

[Event "Tournoi Skype 029B"]
[Site "Skype"]
[Date "????.??.??"]
[Round "8.12"]
[White "Conde, Abigail"]
[Black "Sanchez Padilla, Armando Edilber"]
[Result "0-1"]
[WhiteElo "1112"]
[BlackElo "1240"]
[PlyCount "76"]

1. d4 Nf6 2. c4 d5 3. e3 Bf5 4. Nc3 e6 5. c5 Nc6 6. Be2 Be7 7. Nf3 Qd7 8. h3 h6
9. Nh4 Nh7 10. Nxf5 exf5 11. Bf3 Nf6 12. a3 Ne4 13. Nxe4 dxe4 14. Be2 a6 15. b4
Na7 16. Bb2 Bf6 17. a4 c6 18. O-O O-O 19. f3 Nc8 20. fxe4 fxe4 21. Bg4 Qd5 22.
Rc1 Ne7 23. Bh5 Bg5 24. Rc3 Nf5 25. Bc1 Ng3 26. Rf2 g6 27. Bg4 f5 28. Be2 Nxe2+
29. Qxe2 Rf7 30. g3 h5 31. h4 Bh6 32. Rg2 Raf8 33. g4 fxg4 34. Qe1 Rf5 35. Qg3
Rf1+ 36. Kh2 R8f3 37. Qb8+ Bf8 38. Bd2 Rh3# 0-1

[Event "Tournoi Skype 029B"]
[Site "Skype"]
[Date "????.??.??"]
[Round "8.13"]
[White "Castellanos Gonzalez, Mariano"]
[Black "Malbec, Robert"]
[Result "1-0"]
[WhiteElo "1000"]
[BlackElo "1214"]
[PlyCount "69"]

1. e4 e5 2. Nf3 Nc6 3. Bb5 a6 4. Bxc6 dxc6 5. O-O Bd6 6. d4 Bg4 7. dxe5 Bxe5 8.
Qxd8+ Rxd8 9. Nxe5 Bh5 10. Nd2 f6 11. Nef3 Ne7 12. Nb3 b6 13. Nbd4 O-O 14. Ne6
Bg6 15. Nxf8 Kxf8 16. Bd2 Bxe4 17. Bb4 c5 18. Bc3 Bxc2 19. Rac1 Bg6 20. Rcd1
Ke8 21. Rxd8+ Kxd8 22. Rd1+ Kc8 23. h3 Bc2 24. Rc1 Bg6 25. g4 Be4 26. Nd2 Bg6
27. f4 Bf7 28. a3 Nd5 29. f5 Nf4 30. Kh2 Ne2 31. Re1 Nf4 32. Ne4 Nd5 33. g5
fxg5 34. Nxg5 Bg8 35. Re8+ 1-0

[Event "Tournoi Skype 029B"]
[Site "Skype"]
[Date "????.??.??"]
[Round "8.14"]
[White "Pantaleon, Julio"]
[Black "Conde, Carmen"]
[Result "1-0"]
[WhiteElo "1000"]
[BlackElo "1188"]
[PlyCount "171"]

1. Nf3 Nc6 2. b3 g6 3. Bb2 Nf6 4. d3 Bg7 5. e4 d6 6. Be2 e5 7. O-O O-O 8. Nbd2
b5 9. Re1 a6 10. h3 Bb7 11. a4 Na7 12. axb5 Nxb5 13. Nc4 Rc8 14. Na5 Ba8 15.
Nc4 Bb7 16. Na5 Ba8 17. Qd2 c5 18. c4 Na7 19. Reb1 Nc6 20. Nxc6 Rxc6 21. Ra4
Rb6 22. Bc3 Rb8 23. Rxa6 Bb7 24. Ra7 Qb6 25. Ra3 Qd8 26. b4 cxb4 27. Bxb4 Bc6
28. Rab3 Ba4 29. Ba5 Qd7 30. Rxb8 Ne8 31. R1b7 Qe6 32. Qb4 Bd7 33. Rd8 Bc6 34.
Rbb8 h6 35. Bc7 Nxc7 36. Rxf8+ Bxf8 37. Qa5 Ne8 38. Qd8 Kg7 39. Nd2 Be7 40. Qb6
Bd7 41. Nb3 Qf6 42. Qa7 Bc6 43. Na5 Ba4 44. Bg4 Qg5 45. Qe3 Qf6 46. Rb7 h5 47.
Be2 Bd8 48. Nb3 Nc7 49. d4 Ne6 50. d5 Nf4 51. Kh2 h4 52. g3 hxg3+ 53. fxg3 Nh5
54. Bxh5 gxh5 55. Kg2 Qg6 56. h4 Bxh4 57. Qf3 Be8 58. c5 Bf6 59. c6 h4 60. c7
Bd7 61. Rb8 h3+ 62. Kh2 Bg4 63. Qe3 Qh5 64. c8=Q Bxc8 65. Rxc8 Qg4 66. Rc6 Bg5
67. Qf2 Be7 68. Rc1 Qxe4 69. Rf1 f6 70. Kxh3 Qxd5 71. Nd2 Qe6+ 72. Kg2 d5 73.
Qf5 Qf7 74. Qg4+ Kh6 75. Rf5 Qg6 76. Qh3+ Kg7 77. Nf3 Kf7 78. Ng5+ Ke8 79. Nf3
d4 80. Rh5 d3 81. Rh8+ Bf8 82. Qe6+ Kd8 83. Rxf8+ Kc7 84. Rc8+ Kb7 85. Qc6+ Ka7
86. Ra8# 1-0

[Event "Tournoi Skype 029B"]
[Site "Skype"]
[Date "????.??.??"]
[Round "8.15"]
[White "Vaquero, Roberto"]
[Black "Ponz Lazaro, Ruperto"]
[Result "1-0"]
[WhiteElo "1123"]
[BlackElo "1285"]
[PlyCount "121"]

1. f4 d5 2. e3 Nf6 3. Bd3 Bg4 4. Nf3 Nc6 5. h3 Bh5 6. g4 Bg6 7. b3 e6 8. Bb2
Ne4 9. Bxe4 dxe4 10. Nh2 Qh4+ 11. Ke2 Qxh3 12. Qf1 Qxf1+ 13. Rxf1 Nb4 14. Rc1
Be7 15. Bxg7 Rg8 16. Bc3 O-O-O 17. a3 Nc6 18. b4 f5 19. b5 Nb8 20. g5 Bf8 21.
Bf6 Rd5 22. c4 Rd7 23. a4 h6 24. Kf2 h5 25. Kg3 Bb4 26. Rc2 Be7 27. Bxe7 Rxe7
28. Kh4 Nd7 29. Ra3 Nc5 30. Nf1 e5 31. a5 exf4 32. exf4 Nd3 33. Kg3 Rh8 34. Nc3
h4+ 35. Kh2 Nxf4 36. Nd5 Nxd5 37. cxd5 Rd7 38. Ne3 f4 39. Ng4 Rxd5 40. Rac3
Rxb5 41. Rxc7+ Kb8 42. Nf6 a6 43. Nd7+ Ka7 44. Nb6 Bf5 45. Rf7 Rxa5 46. Nc4 Rc5
47. Rc3 Rhc8 48. Nd6 R8c6 49. Nxf5 Rxc3 50. dxc3 Rxc3 51. g6 Rc8 52. g7 Rg8 53.
Ne7 e3 54. Nxg8 e2 55. Re7 f3 56. Kg1 h3 57. Nf6 h2+ 58. Kxh2 f2 59. g8=Q f1=Q
60. Qg2 Qf2 61. Qxf2+ 1-0

[Event "Tournoi Skype 029B"]
[Site "Skype"]
[Date "????.??.??"]
[Round "8.16"]
[White "Bucherie, Volcy"]
[Black "Chavez Cruz, Isidro"]
[Result "1-0"]
[WhiteElo "1274"]
[BlackElo "1190"]
[PlyCount "73"]

1. Nf3 c5 2. g3 d5 3. Bg2 d4 4. O-O Bg4 5. Ne5 Qc8 6. Nxg4 Qxg4 7. Bxb7 Qc8 8.
Bxc8 Nd7 9. Bxd7+ Kxd7 10. c4 e6 11. Qa4+ Kd8 12. Qa5+ Kd7 13. Qb5+ Kc7 14. d3
Nf6 15. Bf4+ Bd6 16. Bxd6+ Kxd6 17. Nd2 Rhb8 18. Qa6+ Rb6 19. Ne4+ Kc7 20. Qa5
Nxe4 21. dxe4 Kd6 22. f4 Rxb2 23. e5+ Kc6 24. Qa6+ Rb6 25. Qa4+ Kc7 26. Rab1
Rc6 27. Qa5+ Kd7 28. Rb7+ Ke8 29. Rxa7 Rxa7 30. Qxa7 h5 31. Qa8+ Kd7 32. Qb7+
Rc7 33. Qb5+ Kd8 34. Qa5 g6 35. Rb1 Kd7 36. Rb5 Kd8 37. Rxc5 1-0

[Event "Tournoi Skype 029B"]
[Site "Skype"]
[Date "????.??.??"]
[Round "8.17"]
[White "Guillaume, Mickael"]
[Black "Hernandez Monzon, Alejandro"]
[Result "0-1"]
[WhiteElo "1106"]
[BlackElo "1239"]
[PlyCount "30"]

1. e4 e6 2. Nc3 d5 3. d4 c5 4. b3 Nc6 5. Bb5 a6 6. Bxc6+ bxc6 7. Nge2 Nf6 8.
Bg5 h6 9. Bxf6 Qxf6 10. e5 Qg5 11. O-O Bd7 12. f4 Qg6 13. Ng3 cxd4 14. Qxd4
Qxc2 15. Nce2 Bc5 0-1

[Event "Tournoi Skype 029B"]
[Site "Skype"]
[Date "????.??.??"]
[Round "8.18"]
[White "De Nobrega, George"]
[Black "Reese, Evan"]
[Result "1-0"]
[WhiteElo "1205"]
[BlackElo "1102"]
[PlyCount "97"]

1. e4 e5 2. Nf3 Nc6 3. Bc4 Nf6 4. d3 Be7 5. a3 O-O 6. Nc3 b6 7. O-O Bb7 8. Re1
Bc5 9. Be3 Ne7 10. Bxc5 bxc5 11. Nxe5 d5 12. exd5 Nexd5 13. Nxd5 Nxd5 14. Bxd5
Bxd5 15. c4 Be6 16. Nc6 Qg5 17. Qf3 a5 18. Qe3 Qxe3 19. Rxe3 Ra6 20. Ne5 a4 21.
Nf3 Rb6 22. Rb1 Rd8 23. Kf1 f6 24. h3 Bf5 25. Ke2 Rb3 26. Ne1 Kf7 27. Kd2 Rd4
28. g4 Be6 29. Kc2 h6 30. Nf3 Ke7 31. Nxd4 cxd4 32. Re4 c5 33. Rbe1 Rb6 34. Rb1
g6 35. b3 f5 36. gxf5 gxf5 37. Rh4 Bd7 38. bxa4 Bxa4+ 39. Kc1 Rg6 40. Rb7+ Kf6
41. Rb6+ Kg5 42. Rxg6+ Kxg6 43. Rf4 Bd7 44. Rf3 h5 45. Rf4 Kg5 46. Rf3 f4 47.
Kd2 Bc6 48. Ke2 Bxf3+ 49. Kxf3 1-0

[Event "Tournoi Skype 029B"]
[Site "Skype"]
[Date "????.??.??"]
[Round "8.19"]
[White "Funez, Lilian"]
[Black "Dos Reis Cabrera, Jose Manuel"]
[Result "1-0"]
[WhiteElo "1088"]
[BlackElo "1202"]
[PlyCount "43"]

1. e4 d6 2. d4 Nf6 3. Nc3 Nbd7 4. Nf3 e5 5. Bc4 Be7 6. Qe2 O-O 7. O-O a6 8. Be3
b5 9. Bd5 Rb8 10. dxe5 Nxe5 11. Nxe5 dxe5 12. Ba7 Nxd5 13. Nxd5 Ra8 14. Be3 c6
15. Bb6 Qd7 16. Nxe7+ Qxe7 17. Qe3 Qf6 18. Rfb1 Bb7 19. Qc5 Qg6 20. Qe7 Bc8 21.
Qxe5 Re8 22. Qxe8# 1-0

[Event "Tournoi Skype 029B"]
[Site "Skype"]
[Date "????.??.??"]
[Round "8.20"]
[White "Alarcon Alarcon, Marina"]
[Black "Quiel, Aristoteles"]
[Result "1-0"]
[WhiteElo "1198"]
[BlackElo "1066"]
[PlyCount "121"]

1. e4 c6 2. Nf3 d5 3. e5 f6 4. Bd3 fxe5 5. Nxe5 Nf6 6. b3 e6 7. Bb2 Bd6 8. Nf3
O-O 9. h3 Nbd7 10. O-O e5 11. Nh2 e4 12. Be2 Qc7 13. Ng4 Nxg4 14. Bxg4 Nf6 15.
Bxc8 Raxc8 16. c4 Bh2+ 17. Kh1 Bd6 18. Bd4 Rf7 19. Nc3 c5 20. Bxf6 gxf6 21.
Nxd5 Qd8 22. Qe2 f5 23. d3 Qg5 24. dxe4 h5 25. exf5 Rxf5 26. Qe6+ Kg7 27. Qxc8
Rxf2 28. Rxf2 Qg3 29. Qd7+ Kh6 30. Rf6+ Kg5 31. Qg7+ Kh4 32. Qxg3+ Bxg3 33. Nf4
Kg5 34. Nxh5 Kxh5 35. Rf7 Kg5 36. Rxb7 a5 37. Ra7 Kf5 38. Rxa5 Ke6 39. Rf1 Kd6
40. Rf3 Be1 41. Re3 Bxa5 42. Kh2 Bb4 43. g4 Kc6 44. g5 Bd2 45. Re6+ Kd7 46. Rg6
Ke7 47. h4 Kf7 48. h5 Bc3 49. Kg2 Bb2 50. Kf3 Bc3 51. Ke4 Bb2 52. Kd5 Bd4 53.
a4 Be3 54. a5 Bf4 55. Rf6+ Kg8 56. Rxf4 Kh8 57. a6 Kg7 58. a7 Kh8 59. a8=Q+ Kg7
60. Qf8+ Kh7 61. Rf7# 1-0

[Event "Tournoi Skype 029B"]
[Site "Skype"]
[Date "????.??.??"]
[Round "8.22"]
[White "Schuh, David"]
[Black "Duthoit, Bernard"]
[Result "0-1"]
[WhiteElo "1072"]
[BlackElo "1338"]
[PlyCount "78"]

1. e4 e6 2. d4 d5 3. Nc3 c5 4. exd5 exd5 5. Bb5+ Nc6 6. Nf3 a6 7. Bxc6+ bxc6 8.
Bg5 Be7 9. Bxe7 Qxe7+ 10. Ne5 f6 11. dxc5 Qxe5+ 12. Ne2 Bf5 13. b3 Ne7 14. O-O
O-O 15. c4 Rfd8 16. cxd5 Rxd5 17. Qe1 Rxc5 18. Qb4 Rb5 19. Qd2 Nd5 20. Rac1 c5
21. h3 Re8 22. Rfe1 Qc7 23. Qxd5+ Be6 24. Qh5 Qf7 25. Qxf7+ Kxf7 26. Nf4 Ra5
27. a4 Bxb3 28. Rxe8 Kxe8 29. Re1+ Kf7 30. Re6 Bxe6 31. Nxe6 Kxe6 32. g4 Rxa4
33. f3 Ra2 34. f4 c4 35. f5+ Ke5 36. h4 Kf4 37. g5 Kxf5 38. gxf6 Kxf6 39. h5 c3
0-1

[Event "Tournoi Skype 029B"]
[Site "Skype"]
[Date "????.??.??"]
[Round "8.23"]
[White "Jimenez Del Rosario, Alsis Raynely"]
[Black "Jones, Malcolm"]
[Result "0-1"]
[WhiteElo "1082"]
[BlackElo "1315"]
[PlyCount "50"]

1. d4 d6 2. e4 Nf6 3. Nc3 Nbd7 4. Nf3 e5 5. d5 Be7 6. Bb5 a6 7. Bxd7+ Bxd7 8.
Bg5 h6 9. Bxf6 Bxf6 10. O-O g5 11. Qe2 Qc8 12. b4 Bh3 13. gxh3 Qxh3 14. b5 h5
15. a4 h4 16. Kh1 g4 17. Nxh4 Rxh4 18. f3 g3 19. Nd1 O-O-O 20. c4 Rg8 21. Ra2
g2+ 22. Kg1 Qxh2+ 23. Kf2 gxf1=Q+ 24. Ke3 Qhxe2+ 25. Rxe2 Bg5+ 0-1

[Event "Tournoi Skype 029B"]
[Site "Skype"]
[Date "????.??.??"]
[Round "8.24"]
[White "Yepes Bermudez, Maribel"]
[Black "Crocioni, Luca"]
[Result "1-0"]
[WhiteElo "1287"]
[BlackElo "1068"]
[PlyCount "69"]

1. e4 d5 2. exd5 Qxd5 3. Nc3 Qe5+ 4. Be2 Nf6 5. Nf3 Qd6 6. d4 Bf5 7. h3 Nc6 8.
a3 a6 9. Bg5 Nd5 10. Nxd5 Qxd5 11. Qd2 Be4 12. O-O-O h6 13. Bh4 e6 14. Kb1 Bd6
15. Ka1 g5 16. Bg3 Bxg3 17. fxg3 O-O-O 18. g4 Qf5 19. gxf5 Bxf3 20. Bxf3 Nxd4
21. Qc3 Nb5 22. Rxd8+ Rxd8 23. Qf6 c6 24. fxe6 fxe6 25. Qxe6+ Kb8 26. Be2 Nd4
27. Qe5+ Ka8 28. Rd1 Nxc2+ 29. Ka2 Rf8 30. Qe7 Rf4 31. Rd8+ Ka7 32. Qc7 Ra4 33.
Rb8 Nb4+ 34. Kb3 Nd5 35. Qxb7# 1-0